Κεντώντας τη μνήμη : από την Τραπεζούντα στη Θεσσαλονίκη

Saved in:
Bibliographic Details
Corporate Author: Μουσείο Μέριμνας Ποντίων Κυριών
Format: Book
Language:Greek
Published: Θεσσαλονίκη : Μέριμνα Ποντίων Κυριών, 2011.
Subjects:
Tags: Add Tag
No Tags, Be the first to tag this record!

MARC

LEADER 00000cam a2200000 i 4500
001 1/64794
008 150122s2011 gr | ||| |||| ||gre||
020 |a 9789609975902 
035 |l 10120655 
040 |a GR-MyUa  |b gre  |e AACR2 
041 0 |a gre 
082 7 |a 746.44074   |2 (23) 
110 2 |a Μουσείο Μέριμνας Ποντίων Κυριών. 
245 1 0 |a Κεντώντας τη μνήμη :   |b από την Τραπεζούντα στη Θεσσαλονίκη /   |c Μουσείο της Μέριμνας Ποντίων Κυριών. 
260 |a Θεσσαλονίκη :   |b Μέριμνα Ποντίων Κυριών,   |c 2011. 
300 |a 214 σ. :   |b έγχρ. εικ. ;   |c 22x24 εκ. 
500 |a Κατάλογος της μόνιμης έκθεσης του Μουσείου της Μέριμνας Ποντίων Κυριών "Κεντώντας τη μνήμη". 
650 0 0 |a Embroidery. 
650 0 |a Museum exhibits  |z Greece  |z Thessalonike. 
650 0 |a Museums  |z Greece  |z Thessalonike. 
852 |a INST  |b LESVOS  |e 20150122  |h 746.44074 ΜΟΥ  |p 005100056201  |q 005100056201  |t BK  |y 0 
901 |a BIBL1-2014-1 
970 |a ΤΖΑΦΕΡΗ  |b ΕΥΑΓΓΕΛΙΑ  |z 2015/01/22